Languages by 2 Letter Code Click Quiz - Statistics

General Stats
  • This quiz has been taken 796 times
  • The average score is 54 of 100
Answer Stats
Hint Answer % Correct
Italian IT
81%
Russian RU
81%
Zulu ZU
81%
Azerbaijani AZ
80%
English EN
80%
Norwegian NO
80%
Ukrainian UK
80%
Catalan CA
79%
Finnish FI
79%
French FR
79%
Japanese JA
79%
Uzbek UZ
79%
Vietnamese VI
79%
Danish DA
78%
Hindi HI
78%
Igbo IG
78%
Korean KO
78%
Romanian RO
78%
Urdu UR
78%
Xhosa XH
78%
Yiddish YI
78%
Yoruba YO
78%
Thai TH
77%
Bulgarian BG
76%
Lithuanian LT
76%
Quechua QU
76%
Arabic AR
75%
Cree CR
75%
Hebrew HE
75%
Polish PL
75%
Swahili SW
75%
Spanish ES
74%
Chamorro CH
73%
Kurdish KU
73%
Navajo NV
73%
Portuguese PT
73%
Serbian SR
72%
German DE
71%
Javanese JV
71%
Indonesian ID
70%
Hungarian HU
69%
Latin LA
69%
Afrikaans AF
67%
Turkmen TK
66%
Ewe EE
65%
Maltese MT
65%
Inupiaq IK
63%
Maori MI
63%
Punjabi PA
63%
Slovenian SL
63%
Belarusian BE
62%
Luxembourgish LB
62%
Walloon WE
62%
Icelandic IS
61%
Romansh RM
61%
Latvian LV
58%
Malagasy MG
58%
Dutch NL
55%
Slovak SK
55%
Lao LO
50%
Pashto PS
50%
Kongo KG
49%
Tamil TA
49%
Mongolian MN
47%
Hatian Creole HT
46%
Swedish SV
44%
Czech CS
43%
Croatian HR
43%
Turkish TR
42%
Irish Gaelic GA
38%
Macedonian MK
38%
Sanskrit SA
38%
Afar AA
34%
Marshallese MH
34%
Bengali BN
33%
Esperanto EO
33%
Estonian ET
33%
Faroese FO
33%
Aragonese AN
31%
Welsh CY
28%
Kazakh KK
28%
Persian FA
24%
Burmese MY
24%
Bosnian BS
19%
Greek EL
19%
Tajik TG
17%
Chinese ZH
17%
Albanian SQ
16%
Basque EU
14%
Hiri Motu HO
14%
Sardinian SC
11%
Tagalog TL
11%
Tahitian TY
11%
Scottish Gaelic GD
9%
Malay MS
9%
Georgian KA
8%
Cornish KW
8%
Armenian HY
7%
Greenlandic KL
5%
Tibetan BO
4%
No matching quizzes found
Score Distribution
Percent of People with Each Score
Percentile by Number Answered
Your Score History
You have not taken this quiz